| 000 | 01463cam a2200397 a 4500 | ||
|---|---|---|---|
| 001 | 8842194 | ||
| 003 | USPCAS-E | ||
| 005 | 20180118181415.0 | ||
| 006 | m d | ||
| 007 | cr n | ||
| 008 | 090618s2009 fluaf sb 001 0 eng d | ||
| 015 |
_aGBA988897 _2bnb |
||
| 016 | 7 |
_a015366480 _2Uk |
|
| 020 | _a9781420062564 (hardcover : alk. paper) | ||
| 020 | _a1420062565 (hardcover : alk. paper) | ||
| 035 | _a(WaSeSS)ssj0000288118 | ||
| 040 |
_aDLC _cDLC _dBTCTA _dBAKER _dYDXCP _dUKM _dC#P _dCDX _dDLC _dWaSeSS |
||
| 050 | 4 |
_aTP352 _b.A38 2009 |
|
| 082 | 0 | 0 |
_a660.2995 _222 _bDAV-A 2010 |
| 210 | 1 | 0 | _aAdvances in Fischer-Tropsch synthesis, catalysts, and catalysis |
| 245 | 0 | 0 |
_aAdvances in Fischer-Tropsch synthesis, catalysts, and catalysis _h[electronic resource] / _c[editors], Burtron H. Davis, Mario L. Occelli. |
| 260 |
_aBoca Raton : _bCRC Press, _cc2010. |
||
| 490 | 1 |
_aChemical industries ; _v128 |
|
| 502 | _a0 | ||
| 504 | _aIncludes bibliographical references and index. | ||
| 506 | _aLicense restrictions may limit access. | ||
| 650 | 0 | _aFischer-Tropsch process. | |
| 650 | 0 | _aCatalysts. | |
| 700 | 1 |
_aDavis, Burtron H., _d1934- |
|
| 700 | 1 |
_aOccelli, Mario L., _d1942- |
|
| 773 | 0 | _tCHEMLIBnetBASE | |
| 830 | 0 |
_aChemical industries ; _vv. 128. |
|
| 856 | 4 | 0 |
_uhttp://www.columbia.edu/cgi-bin/cul/resolve?clio8842194 _zFull text available from CHEMLIBnetBASE |
| 910 | _aLibrary of Congress record | ||
| 942 |
_2ddc _cBK |
||
| 999 |
_c355820 _d355820 |
||